000 00603nam a2200205 i 4500
001 102421
003 ES-MaACL
005 20230906183115.0
007 t|
008 051110s1965 sp ||||1| spa d
100 1 _aMerani, Alberto L.
_980403
245 1 0 _aPsicología de la edad evolutiva
_b: infancia, pubertad, adolescencia /
_cAlberto L. Merani.
250 _a[1ª ed.].
260 _aBarcelona :
_bGrijalbo,
_c1965.
300 _a339 p. ;
_c20 cm.
490 1 _aColección Norte
830 0 _aColección Norte
_9184640
852 _aES-MaACL
_jC-27020
_bR.56051
999 _c102421
_d102421